[Event "Torneo Kutxa"]
[Site "San Sebastián ESP"]
[Date "2009.07.15"]
[Round "8.1"]
[White "Hamdouchi, Hicham"]
[Black "Hauchard, Arnaud"]
[Result "1/2-1/2"]
[WhiteElo "2589"]
[BlackElo "2528"]
[PlyCount "71"]
[EventDate "2009.07.07"]
[EventType "tourn"]
[EventRounds "9"]
[EventCountry "ESP"]
[EventCategory "11"]
[Source "lmi"]
[SourceDate "2009.07.07"]

1. e4 c6 2. d4 d5 3. Nd2 dxe4 4. Nxe4 Bf5 5. Ng3 Bg6 6. h4 h6 7. Nf3 Nd7 8. h5
Bh7 9. Bd3 Bxd3 10. Qxd3 e6 11. Bd2 Ngf6 12. O-O-O Be7 13. Ne4 Qc7 14. Nxf6+
Bxf6 15. Kb1 O-O-O 16. Qa3 b6 17. Be3 Rhe8 18. c4 Kb7 19. Qa4 c5 20. Qc2 cxd4
21. Nxd4 Bxd4 22. Qe4+ Qc6 23. Qxc6+ Kxc6 24. Rxd4 Nf6 25. Kc2 Rxd4 26. Bxd4 e5
27. Bc3 Kd6 28. f3 Rc8 29. b3 Ke6 30. a4 Nd7 31. a5 b5 32. cxb5 Rb8 33. Re1
Rxb5 34. f4 f6 35. g4 Kd5 36. Rd1+ 1/2-1/2

[Event "Torneo Kutxa"]
[Site "San Sebastián ESP"]
[Date "2009.07.15"]
[Round "8.2"]
[White "Argandoña Riveiro, Iñigo"]
[Black "Fernandes, Antonio"]
[Result "1-0"]
[WhiteElo "2364"]
[BlackElo "2415"]
[PlyCount "54"]
[EventDate "2009.07.07"]
[EventType "tourn"]
[EventRounds "9"]
[EventCountry "ESP"]
[EventCategory "11"]
[Source "lmi"]
[SourceDate "2009.07.07"]

1. Nf3 Nf6 2. c4 g6 3. Nc3 Bg7 4. e4 d6 5. d4 O-O 6. Be3 Bg4 7. Qb3 Bxf3 8.
gxf3 b6 9. O-O-O c5 10. d5 Na6 11. Be2 Qd7 12. Rdg1 Nc7 13. f4 e6 14. Bf3 Rab8
15. dxe6 Qxe6 16. f5 Qe5 17. Rg5 h6 18. Rg3 b5 19. fxg6 b4 20. Nd5 Ncxd5 21.
gxf7+ Rxf7 22. exd5 Ne4 23. Bxe4 Qxe4 24. Rhg1 Qh4 25. R1g2 Re8 26. Rg4 Qh5 27.
Qd1 Ree7 1-0

[Event "Torneo Kutxa"]
[Site "San Sebastián ESP"]
[Date "2009.07.15"]
[Round "8.3"]
[White "Ubilava, Elizbar"]
[Black "Cifuentes Parada, Roberto"]
[Result "0-1"]
[WhiteElo "2547"]
[BlackElo "2539"]
[PlyCount "84"]
[EventDate "2009.07.07"]
[EventType "tourn"]
[EventRounds "9"]
[EventCountry "ESP"]
[EventCategory "11"]
[Source "lmi"]
[SourceDate "2009.07.07"]

1. d4 d5 2. Nf3 Nf6 3. c4 c6 4. Nc3 dxc4 5. a4 e6 6. e3 c5 7. Bxc4 Nc6 8. O-O
cxd4 9. Nxd4 Bd7 10. e4 Nxd4 11. Qxd4 Bc6 12. Qxd8+ Rxd8 13. Be3 a6 14. f3 Rc8
15. Rfc1 Bd6 16. a5 Ke7 17. Kf2 h6 18. h4 Nd7 19. Bf1 Rhd8 20. Nb1 Ne5 21. Na3
Bb4 22. Nc4 Nd3+ 23. Bxd3 Rxd3 24. Nb6 Rcd8 25. Rc4 Bd6 26. Rc3 Rxc3 27. bxc3
Be5 28. Rc1 Rd3 29. Nc4 Bc7 30. Ke2 Rd7 31. Nb6 Rd8 32. g4 Bb5+ 33. c4 Bc6 34.
h5 Be5 35. f4 Bb2 36. Bc5+ Ke8 37. Rd1 Rxd1 38. Kxd1 Bxe4 39. Nc8 Bf3+ 40. Kc2
Bf6 41. Nd6+ Kd7 42. g5 Be7 0-1

[Event "Torneo Kutxa"]
[Site "San Sebastián ESP"]
[Date "2009.07.15"]
[Round "8.4"]
[White "Bauer, Christian"]
[Black "Fernandez Garcia, Jose Luis"]
[Result "1/2-1/2"]
[WhiteElo "2602"]
[BlackElo "2465"]
[PlyCount "171"]
[EventDate "2009.07.07"]
[EventType "tourn"]
[EventRounds "9"]
[EventCountry "ESP"]
[EventCategory "11"]
[Source "lmi"]
[SourceDate "2009.07.07"]

1. e4 Nf6 2. e5 Nd5 3. d4 d6 4. Nf3 Bg4 5. Be2 c6 6. O-O Bxf3 7. Bxf3 dxe5 8.
dxe5 e6 9. Nd2 Nd7 10. Re1 Be7 11. g3 Qc7 12. Qe2 O-O 13. Bg2 a5 14. Nf3 Rfd8
15. h4 a4 16. a3 Bc5 17. c3 Qb6 18. Bg5 Ne7 19. Rad1 h6 20. Bc1 Ng6 21. Kf1 Qa6
22. Qxa6 Rxa6 23. Rd3 Kf8 24. h5 Ne7 25. Red1 Ke8 26. Nd2 Nd5 27. Ne4 Be7 28.
f4 Raa8 29. Kf2 Nc5 30. Nxc5 Bxc5+ 31. Ke2 Nb6 32. Be4 Rxd3 33. Bxd3 Nd7 34.
Bc2 Ke7 35. Kf3 Ra5 36. g4 Ba7 37. Bd2 Rb5 38. Rb1 Rd5 39. Ke2 Nc5 40. Be3 b5
41. Rg1 Rd7 42. Rd1 Rxd1 43. Kxd1 Bb6 44. Ke2 Nd7 45. Bd2 Nc5 46. Be1 Bc7 47.
Bf2 Bb6 48. Bh4+ Kd7 49. f5 Bc7 50. Bf2 Nb7 51. Bg3 Bd8 52. Bf4 exf5 53. gxf5
Be7 54. Kf3 Na5 55. Bd3 f6 56. e6+ Kc8 57. Ke2 Kb7 58. Kd1 Nc4 59. Kc2 Ne5 60.
Be2 Nc4 61. Bc1 Kb6 62. Kd3 Kc5 63. Ke4 Nd6+ 64. Kf4 Nc4 65. Bd1 Kb6 66. Bc2
Bd6+ 67. Ke4 Be7 68. Bd3 Kc5 69. Be2 Nd6+ 70. Kf4 Nc4 71. Bf1 Kd5 72. Kf3 Ke5
73. Bd3 Kd5 74. Be4+ Kc5 75. Ke2 Kb6 76. Bb1 Kb7 77. Bd3 Ne5 78. Ke3 Kb6 79.
Ke4 Nc4 80. Bxc4 bxc4 81. Bf4 Kb5 82. Bb8 Bc5 83. Bc7 Be7 84. Ke3 Bc5+ 85. Kd2
Be7 86. Ke3 1/2-1/2

[Event "Torneo Kutxa"]
[Site "San Sebastián ESP"]
[Date "2009.07.16"]
[Round "9.1"]
[White "Magem Badals, Jordi"]
[Black "Hamdouchi, Hicham"]
[Result "1/2-1/2"]
[WhiteElo "2534"]
[BlackElo "2589"]
[PlyCount "36"]
[EventDate "2009.07.07"]
[EventType "tourn"]
[EventRounds "9"]
[EventCountry "ESP"]
[EventCategory "11"]
[Source "lmi"]
[SourceDate "2009.07.07"]

1. e4 c5 2. Nf3 d6 3. d4 Nf6 4. Nc3 cxd4 5. Qxd4 Nc6 6. Bb5 Bd7 7. Bxc6 Bxc6 8.
Bg5 e6 9. O-O-O Be7 10. Qd3 h6 11. Bxf6 Bxf6 12. Nd4 O-O 13. f4 Qb6 14. g4 e5
15. Nxc6 bxc6 16. f5 Rab8 17. b3 Bh4 18. Kb1 Rfd8 1/2-1/2

[Event "Torneo Kutxa"]
[Site "San Sebastián ESP"]
[Date "2009.07.16"]
[Round "9.2"]
[White "Fernandez Garcia, Jose Luis"]
[Black "Van Wely, Loek"]
[Result "1/2-1/2"]
[WhiteElo "2465"]
[BlackElo "2655"]
[PlyCount "43"]
[EventDate "2009.07.07"]
[EventType "tourn"]
[EventRounds "9"]
[EventCountry "ESP"]
[EventCategory "11"]
[Source "lmi"]
[SourceDate "2009.07.07"]

1. e4 c5 2. Nf3 e6 3. d4 cxd4 4. Nxd4 Nf6 5. Nc3 d6 6. g3 Nc6 7. Bg2 Bd7 8. O-O
Be7 9. Re1 O-O 10. a4 a6 11. Nxc6 Bxc6 12. a5 Nd7 13. Be3 b5 14. axb6 Nxb6 15.
Nd5 exd5 16. Bxb6 Qxb6 17. exd5 Be8 18. Rxe7 Qxb2 19. Rb1 Qc3 20. Rb3 Qf6 21.
Rbb7 Bb5 22. Bf1 1/2-1/2

[Event "Torneo Kutxa"]
[Site "San Sebastián ESP"]
[Date "2009.07.16"]
[Round "9.3"]
[White "Cifuentes Parada, Roberto"]
[Black "Bauer, Christian"]
[Result "1-0"]
[WhiteElo "2539"]
[BlackElo "2602"]
[PlyCount "73"]
[EventDate "2009.07.07"]
[EventType "tourn"]
[EventRounds "9"]
[EventCountry "ESP"]
[EventCategory "11"]
[Source "lmi"]
[SourceDate "2009.07.07"]

1. d4 Nf6 2. Nf3 c5 3. c3 d5 4. dxc5 e6 5. b4 a5 6. e3 axb4 7. cxb4 b6 8. Bb5+
Bd7 9. Bxd7+ Nbxd7 10. a4 bxc5 11. b5 Bd6 12. O-O O-O 13. Bb2 Qb8 14. Nbd2 Rc8
15. Qc2 c4 16. Bc3 Nc5 17. Rfb1 Ng4 18. h3 Ne5 19. Nxe5 Bxe5 20. Bxe5 Qxe5 21.
a5 Rcb8 22. Ra2 g6 23. b6 Qf5 24. e4 Qf6 25. Rb5 Nd3 26. Nf1 Qd8 27. exd5 exd5
28. Ne3 Nf4 29. Qd2 Qe8 30. Rc5 Qe4 31. f3 Qe7 32. Rc7 Qg5 33. b7 Rxb7 34. Rxb7
d4 35. Qxd4 Rd8 36. Rd7 Rb8 37. Ng4 1-0

[Event "Torneo Kutxa"]
[Site "San Sebastián ESP"]
[Date "2009.07.16"]
[Round "9.4"]
[White "Fernandes, Antonio"]
[Black "Ubilava, Elizbar"]
[Result "1-0"]
[WhiteElo "2415"]
[BlackElo "2547"]
[PlyCount "38"]
[EventDate "2009.07.07"]
[EventType "tourn"]
[EventRounds "9"]
[EventCountry "ESP"]
[EventCategory "11"]
[Source "lmi"]
[SourceDate "2009.07.07"]

1. d4 Nf6 2. Nf3 g6 3. g3 d6 4. Bg2 Bg7 5. O-O O-O 6. c4 c6 7. Nc3 Qa5 8. h3
Nbd7 9. Qc2 Qa6 10. Nd2 d5 11. cxd5 cxd5 12. Qb3 Nb6 13. Nb5 Ne8 14. Nb1 Bd7
15. N1c3 Rc8 16. a4 Nc7 17. Nxc7 Rxc7 18. a5 Rc4 19. Be3 Nc8 1-0

[Event "Torneo Kutxa"]
[Site "San Sebastián ESP"]
[Date "2009.07.16"]
[Round "9.5"]
[White "Hauchard, Arnaud"]
[Black "Argandoña Riveiro, Iñigo"]
[Result "1-0"]
[WhiteElo "2528"]
[BlackElo "2364"]
[PlyCount "118"]
[EventDate "2009.07.07"]
[EventType "tourn"]
[EventRounds "9"]
[EventCountry "ESP"]
[EventCategory "11"]
[Source "lmi"]
[SourceDate "2009.07.07"]

1. d4 f5 2. g3 Nf6 3. Bg2 g6 4. c3 Bg7 5. Qb3 c6 6. Nd2 d5 7. Nh3 Ng4 8. O-O
Nd7 9. Nf4 Ndf6 10. c4 e6 11. Nf3 Ne4 12. Qc2 O-O 13. Nd3 Nd6 14. b3 Nf7 15.
Bb2 g5 16. Rac1 h5 17. e3 Qf6 18. Qe2 Qh6 19. Nfe5 Ngxe5 20. dxe5 g4 21. h4 Qh8
22. cxd5 exd5 23. e6 Bxe6 24. Bxg7 Qxg7 25. Nf4 Qh6 26. Qd3 Nd6 27. Qd4 Bf7 28.
Rc2 Qg7 29. Qb4 Qf6 30. Rfc1 Rfe8 31. a4 a6 32. Qb6 Re7 33. Bf1 Rae8 34. b4 Kg7
35. b5 cxb5 36. axb5 Nxb5 37. Qxf6+ Kxf6 38. Bxb5 axb5 39. Rd2 Rd8 40. Rb1 Be8
41. Kf1 Ke5 42. Ke2 Rh7 43. Nd3+ Kf6 44. Nb4 Bc6 45. Rc1 Rd6 46. Rd4 Re7 47.
Ra1 Rd8 48. Ra7 Re4 49. Kd3 Ke5 50. Nc2 b4 51. Rxb4 Rxb4 52. Nxb4 Bb5+ 53. Kd2
Rd7 54. Nc2 Ba6 55. Nd4 Kf6 56. Ra8 Rd6 57. Ra7 Ke5 58. Rxa6 Rd8 59. Ra7 Ke4
1-0